| 000 | 00852 a2200229 4500 | ||
|---|---|---|---|
| 003 | OSt | ||
| 005 | 20180116182852.0 | ||
| 008 | 160506b xxu||||| |||| 00| 0 eng d | ||
| 020 | _a0821342843 (paperback) | ||
| 020 | _a9780821342848 (paperback) | ||
| 040 | _c0 | ||
| 082 | 0 | 4 | _a338.4336219897 |
| 100 | _aPrescott, Nicholas M. | ||
| 245 | 1 | 0 |
_aChoices in financing health care & old age security : _bproceedings of a conference sponsored by the institute of policy studies / _cNicholas M. Prescott. |
| 260 |
_a[S.l.] : _bWorld Bank Publications, _c1998. |
||
| 300 |
_a101 p. ; _c27 cm. |
||
| 490 | 1 | _aWorld bank discussion papers. | |
| 700 | 1 | _aPrescott, Nicholas M. | |
| 830 | 0 | _aWorld bank discussion papers. | |
| 856 | 4 | 0 |
_3Amazon.com _uhttp://www.amazon.com/exec/obidos/ASIN/0821342843/chopaconline-20 |
| 942 |
_aNBS _cBK _k338.433621 CHO _2ddc |
||
| 999 |
_c347538 _d347538 |
||